[Event "Pilsen Open 2014"]
[Site "Pilsen CZE"]
[Date "2014.11.23"]
[Round "1"]
[White "Plchot, Miroslav"]
[Black "Klimina, Nina"]
[Result "1-0"]
[WhiteElo "1918"]
[BlackElo "1404"]
[PlyCount "70"]
[EventDate "2014.11.23"]
[EventType "swiss"]
[EventRounds "7"]
[Source "lmi"]
[SourceDate "2014.11.23"]

1. d4 f5 2. c4 Nf6 3. Nc3 g6 4. Bg5 Bg7 5. Nf3 O-O 6. Qc1 Re8 7. h4 c6 8. e3 d6
9. Qc2 Na6 10. a3 Nc7 11. Bd3 e5 12. dxe5 dxe5 13. e4 f4 14. h5 h6 15. Bxf6
Qxf6 16. hxg6 Qxg6 17. O-O-O Ne6 18. Nh4 Qg5 19. Nf3 Qe7 20. Rdg1 Ng5 21. Nxg5
Qxg5 22. f3 Be6 23. Na4 b6 24. Kb1 Rab8 25. Nc3 a5 26. Ne2 Rf8 27. g3 Qf6 28.
gxf4 exf4 29. Rh5 Kh8 30. e5 Qe7 31. Nd4 Bd7 32. Qh2 Rf7 33. Rxh6+ Bxh6 34.
Qxh6+ Rh7 35. Bxh7 Qxh7+ 1-0

[Event "Pilsen Open 2014"]
[Site "Pilsen CZE"]
[Date "2014.11.24"]
[Round "2"]
[White "Svidinsky, Dmtry"]
[Black "Simantsev, Mikhail"]
[Result "0-1"]
[WhiteElo "2073"]
[BlackElo "2452"]
[PlyCount "80"]
[EventDate "2014.11.23"]
[EventType "swiss"]
[EventRounds "7"]
[Source "lmi"]
[SourceDate "2014.11.23"]

1. e4 c5 2. Nf3 e6 3. d4 cxd4 4. Nxd4 a6 5. Bd3 Bc5 6. Nb3 Be7 7. O-O d6 8. c4
Nd7 9. f4 Ngf6 10. Nc3 O-O 11. Qe2 Qc7 12. Bd2 b6 13. Rae1 Bb7 14. Kh1 Rfd8 15.
Nd4 Bf8 16. Qf2 g6 17. Qh4 Bg7 18. Nf3 Rac8 19. Re2 Qb8 20. Rfe1 Ba8 21. a4 Bc6
22. Nd4 Bb7 23. Nf3 Qa8 24. Qf2 Nc5 25. Bc2 d5 26. cxd5 exd5 27. e5 Nfe4 28.
Nxe4 dxe4 29. Ng5 h6 30. Nxe4 Nxe4 31. Bxe4 Rxd2 32. Rxd2 Bxe4 33. Qxb6 Rb8 34.
Qd4 Bf5 35. Rc1 Qb7 36. Qd6 Bf8 37. Qc7 Rc8 38. Qxc8 Bxc8 39. Rd8 Bh3 40. Rc2
Qe4 0-1

[Event "Pilsen Open 2014"]
[Site "Pilsen CZE"]
[Date "2014.11.24"]
[Round "2"]
[White "Roeder, Matthias"]
[Black "Malinovsky, Petr"]
[Result "1-0"]
[WhiteElo "2411"]
[BlackElo "2024"]
[PlyCount "87"]
[EventDate "2014.11.23"]
[EventType "swiss"]
[EventRounds "7"]
[Source "lmi"]
[SourceDate "2014.11.23"]

1. Nf3 d5 2. c4 e6 3. g3 Nf6 4. Bg2 Be7 5. O-O O-O 6. d4 c6 7. Qc2 b6 8. Rd1
Bb7 9. b3 Nbd7 10. Nc3 Rc8 11. e4 c5 12. exd5 exd5 13. Bb2 Qc7 14. cxd5 Nxd5
15. Nxd5 Bxd5 16. dxc5 Ba8 17. Rac1 bxc5 18. Qf5 Nf6 19. Ne5 Bxg2 20. Kxg2 Rfd8
21. Qf3 h6 22. Bc3 Rxd1 23. Rxd1 Bd6 24. Nc4 Be7 25. Be5 Qc6 26. Bxf6 Bxf6 27.
Rd6 Qc7 28. Qd5 Rd8 29. Rxd8+ Bxd8 30. Ne5 Bf6 31. Nd7 Be7 32. Qa8+ Bd8 33.
Nxc5 g6 34. b4 Kg7 35. Qd5 Bf6 36. a4 Be7 37. Nd3 Bf6 38. Nc5 Be7 39. Ne4 Qc2
40. Qe5+ Kg8 41. Qxe7 Qc6 42. Qd8+ Kh7 43. Qd4 f5 44. Qd7+ 1-0

[Event "Pilsen Open 2014"]
[Site "Pilsen CZE"]
[Date "2014.11.24"]
[Round "2"]
[White "Eret, Jonas"]
[Black "Ivanov, Mikhail"]
[Result "0-1"]
[WhiteElo "2054"]
[BlackElo "2380"]
[PlyCount "52"]
[EventDate "2014.11.23"]
[EventType "swiss"]
[EventRounds "7"]
[Source "lmi"]
[SourceDate "2014.11.23"]

1. d4 d5 2. Nf3 Nf6 3. Bf4 c6 4. c3 Qb6 5. b3 Bf5 6. e3 e6 7. Bd3 Nbd7 8. O-O
Be7 9. Re1 Ne4 10. Qc2 g5 11. Bg3 h5 12. Ne5 Ndf6 13. f3 Nxg3 14. hxg3 Bxd3 15.
Qxd3 Bd6 16. c4 Bxe5 17. dxe5 dxc4 18. bxc4 Nd7 19. Qc3 O-O-O 20. Na3 Qc5 21.
f4 h4 22. Kf2 hxg3+ 23. Kxg3 Qe7 24. Rh1 gxf4+ 25. exf4 Nc5 26. Qb2 Rhg8+ 0-1

[Event "Pilsen Open 2014"]
[Site "Pilsen CZE"]
[Date "2014.11.24"]
[Round "2"]
[White "Kourousis, Epaminondas"]
[Black "Sideris, Nikiforos"]
[Result "1-0"]
[WhiteElo "2380"]
[BlackElo "2017"]
[PlyCount "75"]
[EventDate "2014.11.23"]
[EventType "swiss"]
[EventRounds "7"]
[Source "lmi"]
[SourceDate "2014.11.23"]

1. Nf3 Nf6 2. c4 e6 3. g3 c5 4. Bg2 d5 5. cxd5 Nxd5 6. Nc3 Nc6 7. O-O Nf6 8. b3
Be7 9. Bb2 O-O 10. Rc1 Rb8 11. Qc2 b6 12. Rfd1 Bb7 13. Qb1 Qd7 14. e3 e5 15. d3
h6 16. Ne4 Qe6 17. Qa1 Nxe4 18. dxe4 Bf6 19. Nd2 Ba6 20. Nb1 Rbd8 21. Nc3 Nb4
22. Nd5 Nd3 23. Bf1 Nxb2 24. Qxb2 Bxf1 25. Rxf1 g6 26. Qe2 Bg7 27. Rcd1 Rd7 28.
Rd2 Rfd8 29. Rfd1 Kh8 30. Kg2 Qc6 31. Qf3 Qb7 32. h4 h5 33. g4 hxg4 34. Qxg4
Rd6 35. h5 gxh5 36. Qxh5+ Rh6 37. Qf5 Qd7 38. Nf6 1-0

[Event "Pilsen Open 2014"]
[Site "Pilsen CZE"]
[Date "2014.11.24"]
[Round "2"]
[White "Stengl, Jaroslav"]
[Black "Ianov, Viktor"]
[Result "0-1"]
[WhiteElo "2024"]
[BlackElo "2300"]
[PlyCount "86"]
[EventDate "2014.11.23"]
[EventType "swiss"]
[EventRounds "7"]
[Source "lmi"]
[SourceDate "2014.11.23"]

1. e4 d6 2. f4 Nf6 3. Nc3 g6 4. d4 Bg7 5. Nf3 c5 6. d5 O-O 7. Bd3 Na6 8. a3 e6
9. O-O exd5 10. Nxd5 Nxd5 11. exd5 Nc7 12. c4 f5 13. Rb1 Re8 14. b4 b6 15. Bb2
Bd7 16. Bxg7 Kxg7 17. Re1 Rb8 18. Qd2 Rxe1+ 19. Rxe1 Qf6 20. Rb1 Na6 21. b5 Nc7
22. Qb2 Ra8 23. Qxf6+ Kxf6 24. a4 a6 25. Rb2 axb5 26. axb5 Ra3 27. Be2 h6 28.
h4 Ne8 29. Kf2 Ng7 30. Ne1 g5 31. Nc2 Ra4 32. hxg5+ hxg5 33. g3 Be8 34. Ne3 Ra3
35. Nc2 Ra4 36. Ne3 Bh5 37. fxg5+ Kxg5 38. Bxh5 Nxh5 39. Kf3 Ra3 40. Rg2 Nf6
41. Ke2 Ng4 42. Nf1 Rc3 43. Nd2 Ne5 0-1

[Event "Pilsen Open 2014"]
[Site "Pilsen CZE"]
[Date "2014.11.24"]
[Round "2"]
[White "Kucera, Tomas"]
[Black "Burnett, Andrew"]
[Result "0-1"]
[WhiteElo "1978"]
[BlackElo "2269"]
[PlyCount "107"]
[EventDate "2014.11.23"]
[EventType "swiss"]
[EventRounds "7"]
[Source "lmi"]
[SourceDate "2014.11.23"]

1. e4 c5 2. Nf3 d6 3. g3 Nc6 4. Bg2 g6 5. O-O Bg7 6. d3 e5 7. c3 Nge7 8. Nh4
Be6 9. f4 Qd7 10. Qf3 f5 11. Be3 O-O 12. Nd2 Rad8 13. Qe2 Rde8 14. Ndf3 c4 15.
Ng5 cxd3 16. Qxd3 fxe4 17. Bxe4 d5 18. Nxe6 Qxe6 19. Bg2 e4 20. Qb5 Bf6 21. f5
gxf5 22. Bh3 Bxh4 23. gxh4 d4 24. cxd4 Nd5 25. Rae1 Rf7 26. Qe2 Kh8 27. Kh1
Nxe3 28. Qxe3 Qd5 29. Rd1 Rg8 30. Rd2 Nd8 31. Rdf2 Rgf8 32. Bg2 b5 33. b3 Nc6
34. Rd2 Rg8 35. Bh3 a5 36. a3 b4 37. a4 Rd8 38. h5 Rdf8 39. Bg2 Rg8 40. Bh3 Rd8
41. Re1 Ne5 42. Bg2 Ng4 43. Qf4 Qd6 44. Qxd6 Rxd6 45. Kg1 e3 46. Rdd1 f4 47.
Bf3 Nf2 48. Rc1 Nd3 49. Rc8+ Kg7 50. Rd1 Rxd4 51. Re8 Rc7 52. Be2 Nc1 53. Re1
Nxb3 54. h6+ 0-1

[Event "Pilsen Open 2014"]
[Site "Pilsen CZE"]
[Date "2014.11.24"]
[Round "2"]
[White "Kaiser, Dieter"]
[Black "Vlk, Miloslav"]
[Result "1/2-1/2"]
[WhiteElo "2254"]
[BlackElo "1956"]
[PlyCount "99"]
[EventDate "2014.11.23"]
[EventType "swiss"]
[EventRounds "7"]
[Source "lmi"]
[SourceDate "2014.11.23"]

1. d4 d5 2. c4 c6 3. Nf3 Nf6 4. Nc3 dxc4 5. a4 Bf5 6. e3 e6 7. Bxc4 Bb4 8. O-O
O-O 9. Qe2 Bg4 10. h3 Bh5 11. Rd1 Qa5 12. Bd2 Rd8 13. Bd3 c5 14. Ne4 cxd4 15.
Nxf6+ gxf6 16. Bxb4 Qxb4 17. g4 Bg6 18. Nxd4 Nc6 19. Nxc6 bxc6 20. Bc4 Rxd1+
21. Rxd1 Qxa4 22. b3 Qa5 23. Qf3 Qe5 24. Qxc6 Be4 25. Qd6 a5 26. Qxe5 fxe5 27.
Kh2 a4 28. bxa4 Rxa4 29. Bd3 Bxd3 30. Rxd3 Kg7 31. Kg3 Kg6 32. Rb3 Ra5 33. Rb8
h6 34. h4 Rc5 35. h5+ Kg7 36. Rb7 Ra5 37. Rc7 Rb5 38. Ra7 Rc5 39. Rb7 Ra5 40.
Rb2 Rc5 41. Rb3 Ra5 42. Kh4 Rc5 43. Rb8 Ra5 44. Rb3 Rc5 45. f4 exf4 46. exf4
Rc4 47. Kg3 Kf6 48. Kf3 Ra4 49. Rc3 Rb4 50. Ra3 1/2-1/2

[Event "Pilsen Open 2014"]
[Site "Pilsen CZE"]
[Date "2014.11.24"]
[Round "2"]
[White "Borisek, Anze"]
[Black "Chudinovskikh, Alexander M"]
[Result "0-1"]
[WhiteElo "1934"]
[BlackElo "2242"]
[PlyCount "92"]
[EventDate "2014.11.23"]
[EventType "swiss"]
[EventRounds "7"]
[Source "lmi"]
[SourceDate "2014.11.23"]

1. f4 c5 2. b3 Nf6 3. Nf3 g6 4. Bb2 Bg7 5. e3 O-O 6. Be2 Nc6 7. Ne5 Nxe5 8.
Bxe5 d6 9. Bb2 e5 10. fxe5 Nd5 11. O-O dxe5 12. a4 Be6 13. Na3 Qd7 14. Nc4 f6
15. Qe1 Rad8 16. a5 Nb4 17. Rc1 Kh8 18. d3 Qc7 19. Ba3 Nd5 20. e4 Ne7 21. Bb2
Nc6 22. Bc3 Nd4 23. Bd2 Rd7 24. Qd1 f5 25. exf5 gxf5 26. Bf3 e4 27. dxe4 Nxf3+
28. Rxf3 Bxc4 29. bxc4 Rfd8 30. Rd3 fxe4 31. Rd5 Rxd5 32. cxd5 Rxd5 33. Qe1
Bd4+ 34. Be3 Qf4 35. Bxd4+ cxd4 36. Rb1 Rd7 37. Qe2 Rf7 38. h3 Kg7 39. Rb4 Rd7
40. Rb3 e3 41. Rb5 h6 42. Rb3 Rf7 43. Rb4 d3 44. Qg4+ Qxg4 45. Rxg4+ Kh7 46.
cxd3 e2 0-1

[Event "Pilsen Open 2014"]
[Site "Pilsen CZE"]
[Date "2014.11.24"]
[Round "2"]
[White "Simet, Martin"]
[Black "Kuba, Stanislav"]
[Result "1-0"]
[WhiteElo "1923"]
[BlackElo "2174"]
[PlyCount "95"]
[EventDate "2014.11.23"]
[EventType "swiss"]
[EventRounds "7"]
[Source "lmi"]
[SourceDate "2014.11.23"]

1. e4 g6 2. d4 Bg7 3. f4 d6 4. Nf3 Bg4 5. Bc4 e6 6. c3 Nf6 7. h3 Bxf3 8. Qxf3
d5 9. exd5 Nxd5 10. O-O O-O 11. Bxd5 Qxd5 12. Qxd5 exd5 13. f5 Nd7 14. Bf4 c5
15. dxc5 Rfe8 16. Na3 Nxc5 17. Rad1 Rad8 18. Nb5 Re2 19. Rf2 Rxf2 20. Kxf2 a6
21. Nd6 Bf8 22. Nc4 gxf5 23. Ne3 Ne6 24. Rxd5 Rxd5 25. Nxd5 Nxf4 26. Nxf4 Kg7
27. Ke3 Kf6 28. Kd4 Kg5 29. Ne2 Bd6 30. Kd5 Bf4 31. b4 Bd2 32. a4 f4 33. Ke4 b5
34. axb5 axb5 35. Kd3 Be1 36. Nd4 Bf2 37. Nxb5 f3 38. gxf3 Kh4 39. Nd6 Kxh3 40.
Nxf7 h5 41. Nh6 Kg2 42. Ke2 Ba7 43. Nf5 Bb6 44. c4 Bd8 45. c5 h4 46. Nxh4+ Bxh4
47. c6 Bd8 48. f4 1-0

[Event "Pilsen Open 2014"]
[Site "Pilsen CZE"]
[Date "2014.11.24"]
[Round "2"]
[White "Ilandzis, Spyridon"]
[Black "Plchot, Miroslav"]
[Result "1/2-1/2"]
[WhiteElo "2148"]
[BlackElo "1918"]
[PlyCount "112"]
[EventDate "2014.11.23"]
[EventType "swiss"]
[EventRounds "7"]
[Source "lmi"]
[SourceDate "2014.11.23"]

1. d4 Nf6 2. c4 e5 3. dxe5 Ng4 4. Bf4 Bb4+ 5. Nd2 Nc6 6. Ngf3 Qe7 7. a3 Ncxe5
8. Nxe5 Nxe5 9. e3 Bxd2+ 10. Qxd2 d6 11. Be2 O-O 12. b4 Bf5 13. O-O Rfe8 14.
Rac1 Rad8 15. Qc3 b6 16. c5 dxc5 17. bxc5 Bd3 18. Qxe5 Bxe2 19. Qxe7 Rxe7 20.
Rfe1 Bb5 21. Red1 Rxd1+ 22. Rxd1 f6 23. Rd8+ Kf7 24. Ra8 g5 25. Bg3 Rd7 26. h4
gxh4 27. Bf4 Rd1+ 28. Kh2 bxc5 29. Rxa7 c4 30. Rxc7+ Kg6 31. Rc5 Ba6 32. Rc6
Bb5 33. Rb6 Ba4 34. Be5 Kf5 35. Bxf6 Rd2 36. Bd4 Ke4 37. f3+ Kd3 38. Rh6 Bd1
39. Kg1 c3 40. Rxh4 Ra2 41. Bxc3 Kxc3 42. Rxh7 Rxa3 43. Rd7 Ba4 44. Rd8 Kc4 45.
e4 Rd3 46. Rxd3 Kxd3 47. Kf2 Bd7 48. g4 Kd4 49. g5 Be6 50. Ke2 Bf7 51. Kf2 Be6
52. Kg3 Ke5 53. g6 Kf6 54. f4 Kxg6 55. f5+ Bxf5 56. exf5+ Kxf5 1/2-1/2

[Event "Pilsen Open 2014"]
[Site "Pilsen CZE"]
[Date "2014.11.24"]
[Round "2"]
[White "Vucko, Maja"]
[Black "Egorov, Konstantin"]
[Result "0-1"]
[WhiteElo "1923"]
[BlackElo "2089"]
[PlyCount "104"]
[EventDate "2014.11.23"]
[EventType "swiss"]
[EventRounds "7"]
[Source "lmi"]
[SourceDate "2014.11.23"]

1. e4 c5 2. Nf3 e6 3. d4 cxd4 4. Nxd4 a6 5. Nc3 Qc7 6. Bd3 Nc6 7. Be3 Nf6 8.
O-O Be7 9. Nb3 d6 10. f4 O-O 11. Qf3 b5 12. a3 Bb7 13. Rad1 b4 14. axb4 Nxb4
15. Qg3 Nxd3 16. cxd3 Rab8 17. Nd4 Bc8 18. Rd2 d5 19. e5 Nh5 20. Qh3 g6 21. g4
Ng7 22. Qh6 f5 23. Rg2 Bc5 24. Qh3 fxg4 25. Qxg4 Bxd4 26. Bxd4 Nf5 27. Ne2 Nxd4
28. Nxd4 Qc5 29. f5 Rxf5 30. Rgf2 Rb4 31. Rf4 Rxb2 32. Kh1 Qxd4 33. Qxf5 exf5
34. Rxd4 Kf7 35. Rc1 Bb7 36. Kg1 Ke6 37. Re1 g5 38. h4 h6 39. Ra4 f4 40. hxg5
hxg5 41. Kf1 Rb6 42. Kf2 Bc6 43. Ra2 Bb5 44. d4 Kf5 45. Rd2 Bc4 46. Ra1 Rh6 47.
Kg2 g4 48. Re1 f3+ 49. Kf2 Rh2+ 50. Ke3 Rxd2 51. e6 Re2+ 52. Rxe2 fxe2 0-1

[Event "Pilsen Open 2014"]
[Site "Pilsen CZE"]
[Date "2014.11.24"]
[Round "2"]
[White "Braeuer, Karl Heinz"]
[Black "Domanski, Lukasz"]
[Result "1-0"]
[WhiteElo "2087"]
[BlackElo "1889"]
[PlyCount "41"]
[EventDate "2014.11.23"]
[EventType "swiss"]
[EventRounds "7"]
[Source "lmi"]
[SourceDate "2014.11.23"]

1. d4 d6 2. Nf3 Bg4 3. e3 Nd7 4. Be2 e5 5. dxe5 dxe5 6. Nc3 Ngf6 7. Nd5 Bxf3 8.
Bxf3 e4 9. Nxf6+ Nxf6 10. Qxd8+ Rxd8 11. Bd1 Bb4+ 12. c3 Bd6 13. Bc2 O-O 14. h3
Rfe8 15. Bd2 Nd7 16. O-O-O f5 17. Kb1 Be5 18. g4 fxg4 19. hxg4 h6 20. Bxe4 Bxc3
21. Bd5+ 1-0

[Event "Pilsen Open 2014"]
[Site "Pilsen CZE"]
[Date "2014.11.24"]
[Round "2"]
[White "Kopriva, Martin"]
[Black "Grove, Michael"]
[Result "0-1"]
[WhiteElo "1889"]
[BlackElo "2083"]
[PlyCount "80"]
[EventDate "2014.11.23"]
[EventType "swiss"]
[EventRounds "7"]
[Source "lmi"]
[SourceDate "2014.11.23"]

1. e4 e5 2. Nf3 Nc6 3. Nc3 Nf6 4. Bb5 Bd6 5. a4 O-O 6. O-O h6 7. d3 Re8 8. Ne2
Bf8 9. Bxc6 bxc6 10. Ng3 d5 11. Bd2 Rb8 12. b3 Kh7 13. Re1 Bc5 14. h3 Bd6 15.
Bc3 Nd7 16. Qc1 Bb4 17. Bxb4 Rxb4 18. Qd2 a5 19. d4 dxe4 20. Nxe4 f5 21. Ng3 e4
22. c3 Rb8 23. Nh2 Nc5 24. Rab1 Rxb3 25. Rxb3 Nxb3 26. Qc2 Qd5 27. Nhf1 Qc4 28.
Ne3 Qxa4 29. Nexf5 Nc5 30. Qb1 Nb3 31. f3 c5 32. fxe4 cxd4 33. cxd4 Nxd4 34. e5
Nxf5 35. Nxf5 g6 36. Ng3 Qd4+ 37. Kh1 Rxe5 38. Rf1 Kg7 39. Qb3 Bf5 40. Qb7 Qb6
0-1

[Event "Pilsen Open 2014"]
[Site "Pilsen CZE"]
[Date "2014.11.24"]
[Round "2"]
[White "Jurek, Josef"]
[Black "Paldus, Petr"]
[Result "1-0"]
[WhiteElo "2301"]
[BlackElo "2019"]
[PlyCount "111"]
[EventDate "2014.11.23"]
[EventType "swiss"]
[EventRounds "7"]
[Source "lmi"]
[SourceDate "2014.11.23"]

1. Nf3 Nf6 2. c4 g6 3. b3 Bg7 4. Bb2 O-O 5. g3 b6 6. Bg2 Bb7 7. O-O c5 8. d4
cxd4 9. Qxd4 Nc6 10. Qd2 d5 11. cxd5 Qxd5 12. Ne5 Qxd2 13. Nxd2 Na5 14. Bxb7
Nxb7 15. Nc6 Rfe8 16. Rac1 Ne4 17. Nxe4 Bxb2 18. Rc2 Bg7 19. Rd1 Nd8 20. Nb4
Ne6 21. Nc6 f5 22. Nc3 Nd8 23. Nd5 Nxc6 24. Rxc6 Kf7 25. Rc7 Be5 26. Rb7 Bd6
27. Nc7 Reb8 28. Rxb8 Rxb8 29. Nb5 Be5 30. Nxa7 Bd6 31. a4 Rb7 32. Nb5 Bc5 33.
Rd8 h5 34. e3 Kf6 35. Kg2 g5 36. Kf3 e5 37. Rc8 g4+ 38. Ke2 f4 39. a5 f3+ 40.
Kd3 e4+ 41. Kxe4 Re7+ 42. Kf4 Kg6 43. Rc6+ Kg7 44. a6 Bxe3+ 45. fxe3 f2 46. Rc1
Rf7+ 47. Ke5 f1=Q 48. Rxf1 Rxf1 49. a7 Ra1 50. Kd6 Kf6 51. Kc6 Ke5 52. Kxb6 Ke4
53. Nc3+ Kf3 54. Na4 Kg2 55. a8=Q+ Kxh2 56. Qh8 1-0

[Event "Pilsen Open 2014"]
[Site "Pilsen CZE"]
[Date "2014.11.24"]
[Round "2"]
[White "Piankov, Evgenij"]
[Black "Klucznik, Andre"]
[Result "1-0"]
[WhiteElo "2283"]
[BlackElo "1722"]
[PlyCount "55"]
[EventDate "2014.11.23"]
[EventType "swiss"]
[EventRounds "7"]
[Source "lmi"]
[SourceDate "2014.11.23"]

1. Nf3 Nf6 2. g3 g6 3. Bg2 Bg7 4. O-O O-O 5. d4 d5 6. c4 c6 7. Bf4 Nbd7 8. Nc3
Re8 9. cxd5 Nxd5 10. Nxd5 cxd5 11. Qb3 e5 12. dxe5 Nxe5 13. Nxe5 Bxe5 14. Bxe5
Rxe5 15. e3 Bg4 16. Qxb7 Rb8 17. Qxa7 Be2 18. Rfe1 Rxb2 19. Qd4 Qb8 20. Bxd5
Rb4 21. Bxf7+ Kf8 22. Qc3 Bf3 23. Bb3 Rbb5 24. Rac1 Rbc5 25. Qd4 Rb5 26. Qd7
Rb7 27. Rc8+ Re8 28. Qxe8+ 1-0

[Event "Pilsen Open 2014"]
[Site "Pilsen CZE"]
[Date "2014.11.24"]
[Round "2"]
[White "Palek, Miroslav"]
[Black "Soutner, Jaroslav"]
[Result "1-0"]
[WhiteElo "2226"]
[BlackElo "1771"]
[PlyCount "95"]
[EventDate "2014.11.23"]
[EventType "swiss"]
[EventRounds "7"]
[Source "lmi"]
[SourceDate "2014.11.23"]

1. e4 e5 2. Nf3 Nc6 3. Bb5 a6 4. Ba4 Nf6 5. O-O Be7 6. Qe2 b5 7. Bb3 d6 8. a4
Rb8 9. axb5 axb5 10. Nc3 b4 11. Qc4 O-O 12. Nd5 Bd7 13. Re1 Kh8 14. Ra6 Nd4 15.
Nxd4 exd4 16. Nxe7 Qxe7 17. Qxc7 Ng4 18. Qxd6 Qh4 19. Qg3 Qxg3 20. hxg3 Bb5 21.
Ra7 f6 22. d3 Ne5 23. Bf4 g5 24. Bd2 Nc6 25. Ra2 Kg7 26. f4 h6 27. Bd5 Rb7 28.
Rea1 Rfb8 29. c4 dxc3 30. bxc3 bxc3 31. Bxc3 Rc7 32. e5 fxe5 33. Bxc6 Rxc6 34.
Bxe5+ Kg6 35. Bxb8 Bxd3 36. Rd2 Bf5 37. Rd6+ Rxd6 38. Bxd6 gxf4 39. Bxf4 h5 40.
Ra6+ Kf7 41. Kf2 Bg4 42. Ke3 Ke7 43. Kd4 Bd1 44. Ke5 Bg4 45. Ra7+ Ke8 46. Kf6
Bd1 47. Rh7 Bg4 48. Kg5 1-0

[Event "Pilsen Open 2014"]
[Site "Pilsen CZE"]
[Date "2014.11.24"]
[Round "2"]
[White "Nemcova, Karin"]
[Black "Bartos, Jan"]
[Result "1/2-1/2"]
[WhiteElo "1751"]
[BlackElo "2194"]
[PlyCount "31"]
[EventDate "2014.11.23"]
[EventType "swiss"]
[EventRounds "7"]
[Source "lmi"]
[SourceDate "2014.11.23"]

1. e4 e5 2. Nf3 Nc6 3. Nc3 Nf6 4. d4 exd4 5. Nxd4 Bb4 6. Nxc6 bxc6 7. Bd3 d5 8.
exd5 cxd5 9. O-O O-O 10. Bg5 c6 11. Qf3 Be7 12. Rfe1 h6 13. Bxh6 gxh6 14. Qe3
Bd6 15. Qxh6 Be6 16. Qg5+ 1/2-1/2

[Event "Pilsen Open 2014"]
[Site "Pilsen CZE"]
[Date "2014.11.24"]
[Round "2"]
[White "Tesar, Jan"]
[Black "Nemcova, Kamila"]
[Result "1-0"]
[WhiteElo "2073"]
[BlackElo "1633"]
[PlyCount "115"]
[EventDate "2014.11.23"]
[EventType "swiss"]
[EventRounds "7"]
[Source "lmi"]
[SourceDate "2014.11.23"]

1. d4 d5 2. c4 c6 3. Nf3 Nf6 4. Nc3 dxc4 5. a4 Bf5 6. e3 e6 7. a5 Bb4 8. Qa4
Nd5 9. Bxc4 Nd7 10. O-O Bd6 11. Qb3 Nxc3 12. bxc3 Qc7 13. Ba3 Rb8 14. h3 O-O
15. Nd2 Nf6 16. f3 Bxa3 17. Rxa3 Bxh3 18. Kf2 Bf5 19. Rh1 Bg6 20. Be2 e5 21.
Nc4 exd4 22. cxd4 Qe7 23. Ne5 Bf5 24. Bc4 Nd7 25. Bd3 Bxd3 26. Qxd3 h6 27. Nc4
Qf6 28. Rb3 Rfd8 29. Qe4 Nf8 30. Rhb1 Rd7 31. Ne5 Rc7 32. Rc3 Rbc8 33. g4 Re7
34. Re1 Ng6 35. f4 Nxe5 36. dxe5 Rce8 37. Qf3 Qe6 38. Kg3 Rc7 39. Rd3 Qa2 40.
g5 Qe6 41. Rd6 Qf5 42. gxh6 g6 43. Rf6 Qd7 44. Qe4 Re6 45. Rxe6 Qxe6 46. Qd4
Kh7 47. Qxa7 c5 48. Qb8 Qc8 49. Qxc8 Rxc8 50. Kf3 Ra8 51. Rb1 Rxa5 52. Rxb7 Kg8
53. Rc7 Rb5 54. Ke4 Rb4+ 55. Kd5 Rb3 56. e4 Rf3 57. h7+ Kxh7 58. Rxf7+ 1-0

[Event "Pilsen Open 2014"]
[Site "Pilsen CZE"]
[Date "2014.11.24"]
[Round "2"]
[White "Simkin, Alexander"]
[Black "Hruby, Vaclav"]
[Result "1-0"]
[WhiteElo "1890"]
[BlackElo "1690"]
[PlyCount "67"]
[EventDate "2014.11.23"]
[EventType "swiss"]
[EventRounds "7"]
[Source "lmi"]
[SourceDate "2014.11.23"]

1. d4 d5 2. c4 e6 3. Nc3 Nf6 4. cxd5 exd5 5. Bg5 Nbd7 6. Nf3 c6 7. e3 Qa5 8.
Bd3 Ne4 9. Qc2 Nxc3 10. bxc3 h6 11. Bh4 Bd6 12. O-O O-O 13. c4 dxc4 14. Bxc4
Qh5 15. Bg3 Bxg3 16. hxg3 Nf6 17. Ne5 Ng4 18. Nxg4 Qxg4 19. Be2 Qg5 20. Rfc1
Bg4 21. Bd3 Be6 22. Qb2 Qe7 23. Rab1 Rab8 24. a4 Qd8 25. Qc3 a6 26. a5 Qd7 27.
Rb6 Rbc8 28. Rcb1 Rc7 29. Qb2 Qd5 30. Rxb7 Rxb7 31. Qxb7 Qxa5 32. Qxc6 Ba2 33.
Ra1 Qd2 34. Qxa6 1-0

[Event "Pilsen Open 2014"]
[Site "Pilsen CZE"]
[Date "2014.11.24"]
[Round "2"]
[White "Prachar, Josef"]
[Black "Baraniuk, Andrej"]
[Result "1-0"]
[WhiteElo "1884"]
[BlackElo "1681"]
[PlyCount "83"]
[EventDate "2014.11.23"]
[EventType "swiss"]
[EventRounds "7"]
[Source "lmi"]
[SourceDate "2014.11.23"]

1. d4 d5 2. c4 c6 3. Nf3 Nf6 4. Nc3 e6 5. Bg5 h6 6. Bxf6 Qxf6 7. e3 b6 8. Qc2
Bd6 9. cxd5 cxd5 10. Nxd5 exd5 11. Qxc8+ Qd8 12. Qxd8+ Kxd8 13. Bd3 Nd7 14. Ba6
Nf6 15. O-O Ke7 16. Rac1 Rhd8 17. h3 Rab8 18. a4 Nd7 19. Rc2 f6 20. Rfc1 Nf8
21. g3 Ne6 22. Kg2 g5 23. Ne1 Rd7 24. Rc8 Rd8 25. Nd3 Rbxc8 26. Rxc8 Nc7 27.
Rxd8 Kxd8 28. Bb7 Kd7 29. b4 a6 30. a5 b5 31. Nc5+ Bxc5 32. dxc5 Ke6 33. f4 h5
34. Kf3 Kf5 35. Bc8+ Kg6 36. f5+ Kf7 37. e4 Ke7 38. exd5 Nxd5 39. Bxa6 Nxb4 40.
Bxb5 Kd8 41. a6 Kc7 42. Ke4 1-0

[Event "Pilsen Open 2014"]
[Site "Pilsen CZE"]
[Date "2014.11.24"]
[Round "2"]
[White "Leseticky, Vladimir"]
[Black "Bechynsky, Jan"]
[Result "1-0"]
[WhiteElo "1680"]
[BlackElo "1873"]
[PlyCount "59"]
[EventDate "2014.11.23"]
[EventType "swiss"]
[EventRounds "7"]
[Source "lmi"]
[SourceDate "2014.11.23"]

1. e4 Nf6 2. e5 Nd5 3. d4 d6 4. c4 Nb6 5. exd6 cxd6 6. d5 g6 7. Qd4 f6 8. Bd3
Bg7 9. Bd2 O-O 10. Bc3 Na4 11. Ne2 Nxc3 12. Nbxc3 Nd7 13. O-O Ne5 14. Bc2 f5
15. Qf4 Qb6 16. Rab1 e6 17. dxe6 Bxe6 18. b3 Rad8 19. Rbd1 Ng4 20. Na4 Qc7 21.
Nd4 Bxd4 22. Rxd4 b5 23. Nb2 Ne5 24. Rfd1 Rfe8 25. Qd2 bxc4 26. bxc4 Nxc4 27.
Nxc4 Bxc4 28. Rxc4 Qe7 29. Kf1 d5 30. Rd4 1-0

[Event "Pilsen Open 2014"]
[Site "Pilsen CZE"]
[Date "2014.11.24"]
[Round "2"]
[White "Horyna, Josef"]
[Black "Malek, Milan"]
[Result "1/2-1/2"]
[WhiteElo "1865"]
[BlackElo "1671"]
[PlyCount "143"]
[EventDate "2014.11.23"]
[EventType "swiss"]
[EventRounds "7"]
[Source "lmi"]
[SourceDate "2014.11.23"]

1. e4 c5 2. Nf3 Nc6 3. d4 cxd4 4. Nxd4 g6 5. c3 Bg7 6. Nxc6 bxc6 7. Bc4 e6 8.
O-O d5 9. exd5 cxd5 10. Bb3 Nf6 11. Be3 O-O 12. Nd2 Qc7 13. Rc1 Rd8 14. h3 Ba6
15. Re1 Bc4 16. Bxc4 dxc4 17. Qa4 Rdc8 18. Bd4 Nd5 19. Bxg7 Kxg7 20. Re4 Nb6
21. Qb5 Qc5 22. Qxc5 Rxc5 23. Rd4 Rd5 24. Nxc4 Nxc4 25. Rxc4 Rd2 26. Rb4 Rad8
27. Rb7 Re2 28. Rxa7 Rxb2 29. a4 Rdd2 30. Rf1 Rdc2 31. Rc7 Ra2 32. Rc4 h5 33.
h4 Kf6 34. g3 g5 35. hxg5+ Kxg5 36. Kg2 f5 37. Kf3 Ra3 38. Re1 Raa2 39. Ke3
Rxf2 40. Kd4 Kf6 41. Kc5 Rf3 42. Rg1 Rd3 43. Kb5 Rd8 44. Rb4 Rb8+ 45. Kc4 Rc8+
46. Kb3 Re2 47. a5 Re3 48. Rc4 Rb8+ 49. Rb4 Rc8 50. Rc4 Rb8+ 51. Kc2 Re2+ 52.
Kd3 Ra2 53. Rc5 Ra8 54. Rh1 R2xa5 55. Rxa5 Rxa5 56. Rxh5 Kg6 57. Rh8 Kg7 58.
Rd8 Ra4 59. Rd4 Ra1 60. Kc4 Kf6 61. Kc5 Rc1 62. Rd3 Kg5 63. c4 Kg4 64. Re3 Rg1
65. Kd4 Rxg3 66. c5 Rxe3 67. Kxe3 Kg3 68. c6 f4+ 69. Kd4 f3 70. c7 f2 71. c8=Q
f1=Q 72. Qxe6 1/2-1/2

[Event "Pilsen Open 2014"]
[Site "Pilsen CZE"]
[Date "2014.11.24"]
[Round "2"]
[White "Ruzicka, Vaclav"]
[Black "Truksa, Vaclav"]
[Result "1/2-1/2"]
[WhiteElo "1671"]
[BlackElo "1818"]
[PlyCount "32"]
[EventDate "2014.11.23"]
[EventType "swiss"]
[EventRounds "7"]
[Source "lmi"]
[SourceDate "2014.11.23"]

1. c4 d5 2. cxd5 Qxd5 3. Nc3 Qd8 4. g3 Nf6 5. Bg2 c6 6. e4 e5 7. d3 Bg4 8. f3
Be6 9. Be3 Bd6 10. Nge2 Nbd7 11. O-O Bc7 12. Kh1 h5 13. Bg5 Qb8 14. Qd2 Nh7 15.
Be3 Nhf6 16. Bg5 Nh7 1/2-1/2